000 00924nam a2200289 i 4500
003 EG-GICUC
005 20260307063954.0
008 260307s1960 -ukab||fr|||| 001 0 eng d
040 _aEG-GiCUC
_beng
_cEG-GiCUC
_dEG-GiCUC
_erda
041 0 _aeng
082 0 4 _221
_a341.71047
_bDA . S
092 0 4 _221
099 _aLaw1 11 341.71047 DA . S 1960
100 1 _aDallin, David J
_eAuthor.
245 1 0 _aSoviet Foreign Policy After Stalin /
_cDavid J. Dallin.
264 1 _aLondon :
_bMethuen & Co Ltd,
_c1960.
300 _a553 pages :
_billustrations,
_c24 cm
336 _2rda content
_atext
337 _2rda media
_aComputer
338 _2rda carrier
_aOnline Resource
504 _aIncludes bibliographical references and index.
546 _aText in English
650 1 4 _aPublic international law
856 4 0 _uhttps://fll.law.cu.edu.eg/fulltext/bks/B11-08371.pdf
905 _a48
942 _2ddc
_cBK
_e21
_n0
999 _c65532
_d65532